LEADER 03403nam 2200649 a 450 001 9910782319703321 005 20200520144314.0 010 $a1-281-92156-4 010 $a9786611921569 010 $a90-474-2097-7 024 7 $a10.1163/ej.9789004158603.i-329 035 $a(CKB)1000000000552052 035 $a(EBL)468314 035 $a(OCoLC)646788903 035 $a(SSID)ssj0000198442 035 $a(PQKBManifestationID)11181077 035 $a(PQKBTitleCode)TC0000198442 035 $a(PQKBWorkID)10169634 035 $a(PQKB)11756333 035 $a(MiAaPQ)EBC468314 035 $a(OCoLC)155834364 035 $a(nllekb)BRILL9789047420972 035 $a(Au-PeEL)EBL468314 035 $a(CaPaEBR)ebr10270704 035 $a(CaONFJC)MIL192156 035 $a(PPN)174547269 035 $a(EXLCZ)991000000000552052 100 $a20070906d2007 uy 0 101 0 $aeng 135 $aurun| uuuua 181 $ctxt 182 $cc 183 $acr 200 10$aMarx's scientific dialectics$b[electronic resource] $ea methodological treatise for a new century /$fby Paul Paolucci 210 $aLeiden, The Netherlands ;$aBoston $cBrill$d2007 215 $a1 online resource (341 p.) 225 1 $aStudies in critical social sciences,$x1573-4234 ;$vv. 8 300 $aDescription based upon print version of record. 311 $a90-04-15860-X 320 $aIncludes bibliographical references (p. [283]-303) and index. 327 $tPreliminary material /$rPaolucci -- $tChapter One. Problems reading Marx /$rPaolucci -- $tChapter Two. Marx and classical Sociology /$rPaolucci -- $tChapter Three. Marx?s onto-epistemological assumptions /$rPaolucci -- $tChapter Four. Marx?s analytical procedures /$rPaolucci -- $tChapter Five. Marx?s conceptual doublets /$rPaolucci -- $tChapter Six. Marx?s models /$rPaolucci -- $tChapter Seven. From political economy to the communist project /$rPaolucci -- $tChapter Eight. Recovering Marx /$rPaolucci -- $tReferences /$rPaolucci -- $tIndex /$rPaolucci. 330 $aWhile Karl Marx's ideas remain influential in the social sciences, there is considerable disagreement and debate on the methodological principles that inform his work. Marx often aligned himself with both \'scientific\' and \'dialectical\' principles, at least once referring to his method as a \'scientific dialectic,\' suggesting he believed dialectical reason could be incorporated into scientific method. By debunking several misconceptions about Marx?s work and examining how he brought scientific methods to bear on his general sociological thinking, his materialist historical perspective, and within his political economy, this book brings new insight to the methodological principles that animate Marx?s writings. What emerges from such a perspective is an approach to sociological inquiry that remains vital and useful for contemporary research on capitalist society and its possible futures. 410 0$aStudies in critical social sciences ;$vv. 8. 606 $aCommunism 615 0$aCommunism. 676 $a335.4 676 $a335.4/23 676 $a335.4112 676 $a335.423 700 $aPaolucci$b Paul$0833792 801 0$bMiAaPQ 801 1$bMiAaPQ 801 2$bMiAaPQ 906 $aBOOK 912 $a9910782319703321 996 $aMarx's scientific dialectics$93833907 997 $aUNINA LEADER 01192nam0 22002771i 450 001 UON00095346 005 20240409114143.984 100 $a20020107d1958 |0itac50 ba 101 $alat 102 $aGB 105 $a|||| 1|||| 200 1 $aC. Iuli Caesaris$ecommentariorum Libri III de Bello Civili cum libris incertorum auctorum de bello Alexandrino Africo Hispaniensi$fC. Iulius Caesar$grecensuit Renatus Pontet du 210 $aOxonii$cTypographeo Clarendoniano$d1958 215 $a1 v.$d19 cm 410 1$1001UON00087640$12001 $aScriptorum Classicorum Bibliotheca Oxoniensis$v2 620 $aGB$dOxford$3UONL000029 700 1$aCaesar$bGaius Iulius$3UONV061565$0438938 702 1$aDE_PONTET$bRenatus$3UONV063888 712 $aClarendon Press$3UONV246509$4650 801 $aIT$bSOL$c20260227$gRICA 899 $aSIBA - SISTEMA BIBLIOTECARIO DI ATENEO E ARCHIVIO STORICO$2UONSI 912 $aUON00095346 950 $aSIBA - SISTEMA BIBLIOTECARIO DI ATENEO E ARCHIVIO STORICO$dSI T 2 CAES 0005 02 $eSI MC 5612 6 02 $sSmarrito 996 $aC. Iuli Caesaris$91302545 997 $aUNIOR 998 $a1